书目信息 |
| 题名: |
黑白摄影的艺术
|
|
| 作者: | 霍夫曼 著 ;王辉 译 | |
| 分册: | ||
| 出版信息: | 武汉 华中科技大学出版社 2011.04 |
|
| 页数: | 230页 | |
| 开本: | 26cm | |
| 丛书名: | ||
| 单 册: | ||
| 中图分类: | J419.9 | |
| 科图分类: | ||
| 主题词: | 数字照相机--黑白摄影--摄影技术 , 数字照相机 , 黑白摄影 , 摄影技术 | |
| 电子资源: | ||
| ISBN: | 978-7-5609-6763-9 | |
| 000 | 01002nam0 2200277 45 | |
| 001 | 1355695718 | |
| 005 | 20130515102120.12 | |
| 010 | @a978-7-5609-6763-9@dCNY55.00 | |
| 100 | @a20130108d2011 em y0chiy50 ea | |
| 101 | 1 | @achi@cger |
| 102 | @aCN@b420000 | |
| 105 | @aa z 000yy | |
| 106 | @ar | |
| 200 | 1 | @a黑白摄影的艺术@AHei Bai She Ying De Yi Shu@f(德)托尔斯滕·安德烈亚斯·霍夫曼著@F( De ) Tuo Er Si Teng· An De Lie Ya Si· Huo Fu Man Zhu@g王辉译 |
| 210 | @a武汉@c华中科技大学出版社@d2011.04 | |
| 215 | @a230页@c图@d26cm | |
| 330 | @a本书共分为四部分,主要内容包括:选择一部好的数码照相机;数码黑白摄影的基本原则:始终用RAW模式来拍摄;通过使用滤镜营造戏剧般的效果等。 | |
| 606 | 0 | @a数字照相机@x黑白摄影@x摄影技术 |
| 606 | 0 | @a数字照相机 |
| 606 | 0 | @a黑白摄影 |
| 606 | 0 | @a摄影技术 |
| 690 | @aJ419.9@v5 | |
| 701 | 1 | @c(德)@a霍夫曼@AHuo Fu Man@b托尔斯滕·安德烈亚斯@4著 |
| 702 | 0 | @a王辉@AWang Hui@4译 |
| 801 | @aCN@bTANGWEI@c20130111 | |
| 905 | @b0831637-41@dJ419.9@e275@f5 | |
| 黑白摄影的艺术/(德)托尔斯滕·安德烈亚斯·霍夫曼著/王辉译.-武汉:华中科技大学出版社,2011.04 |
| 230页:图;26cm |
| ISBN 978-7-5609-6763-9:CNY55.00 |
| 本书共分为四部分,主要内容包括:选择一部好的数码照相机;数码黑白摄影的基本原则:始终用RAW模式来拍摄;通过使用滤镜营造戏剧般的效果等。 |
| ● |
| 相关链接 |
|
|
|
|
正题名:黑白摄影的艺术
索取号:J419.9/275
 
预约/预借
| 序号 | 登录号 | 条形码 | 馆藏地/架位号 | 状态 | 备注 |
| 1 | 0831637 | 208316375 | 第一样本阅览室/ [索取号:J419.9/275] | 在馆 | |
| 2 | 0831638 | 208316384 | 第一借阅区/ [索取号:J419.9/275] | 在馆 | |
| 3 | 0831639 | 208316393 | 第一借阅区/ [索取号:J419.9/275] | 在馆 | |
| 4 | 0831640 | 208316400 | 第一借阅区/ [索取号:J419.9/275] | 在馆 | |
| 5 | 0831641 | 208316419 | 密集书库-美术系/ [索取号:J419.9/275] | 在馆 |